A mai uráli nyelvészetről

Elmentve itt :
Bibliográfiai részletek
Szerző: Hajdú Péter
Dokumentumtípus: Cikk
Megjelent: JATE BTK Szeged 1965
Sorozat:Néprajz és Nyelvtudomány
Kulcsszavak:Nyelvészet - uráli
Tárgyszavak:
Online Access:http://misc.bibl.u-szeged.hu/65839
LEADER 00735nab a2200229 i 4500
001 misc65839
005 20230120124445.0
008 220406s1965 hu o 0|| hun d
040 |a SZTE Miscellanea Repozitórium  |b hun 
041 |a hun 
041 |a eng 
100 1 |a Hajdú Péter 
245 1 2 |a A mai uráli nyelvészetről  |h [elektronikus dokumentum] /  |c  Hajdú Péter 
260 |a JATE BTK  |b Szeged  |c 1965 
300 |a 15-21  |c 24 cm 
490 0 |a Néprajz és Nyelvtudomány 
561 |a Németh Gyula hagyaték 
591 |a NOU 2164 
650 4 |a Bölcsészettudományok 
650 4 |a Nyelvek és irodalom 
695 |a Nyelvészet - uráli 
856 4 0 |u http://misc.bibl.u-szeged.hu/65839/1/2164_nou_h12.pdf  |z Dokumentum-elérés